000 02394cam a2200433 a 4500
001 14793061
005 20071114075252.0
008 070402s2008 maua |rb 001 0deng d
010 _a 2007013757
020 _a0071259473
020 _a9780071259477
035 _a(OCoLC)ocn122424997
035 _a(OCoLC)122424997
040 _aDLC
_cDLC
_dYDX
_dBAKER
_dBTCTA
_dYDXCP
_dDLC
050 0 0 _aHD31
_b.U47 2008
082 0 0 _222
_a658.5752
_bULR
100 1 _aUlrich, Karl T.
_98829
_eAuthor
245 1 0 _aProduct Design and Development /
_cKarl T. Ulrich, Steven D. Eppinger.
250 _a4th ed.
260 _aBoston :
_bMcGraw-Hill Higher Education,
_cc2008.
300 _axv, 368 p. :
_bill. ;
_c24 cm.
504 _aIncludes bibliographical references and index.
541 _aBacca ;
650 0 _aIndustrial management.
_98830
650 0 _aProduction management.
_98831
650 0 _aIndustrial engineering.
_98832
650 0 _aNew products
_xManagement.
_98833
700 1 _aEppinger, Steven D.
_98834
_eAuthor
856 4 1 _3Table of contents only
_uhttp://www.loc.gov/catdir/toc/ecip0714/2007013757.html
856 4 2 _3Publisher description
_uhttp://www.loc.gov/catdir/enhancements/fy0713/2007013757-d.html
856 4 2 _3Contributor biographical information
_uhttp://www.loc.gov/catdir/enhancements/fy0735/2007013757-b.html
942 _2ddc
_cBB
999 _c12784
_d12784